000 00704cam a2200217 i 4500
005 20251231113104.0
008 250721s2007 sy gr 000 0 ara d
020 _a1592396445
082 1 4 _a219
_bأ ب ا
100 1 _aأباظة، نزار
_eمؤلف.
245 1 0 _aفي بيت الرسول صلى الله علية وسلم /
_cنزار اباظة.
250 _aالطبعة الاولى.
264 3 1 _aدمشق :
_bدار الفكر،
_c2007.
300 _a246صفحة.
650 1 7 _aالسيرة النبوية.
650 1 7 _aأخلاق الرسول.
650 1 7 _aالإسلام.
650 1 7 _aالتاريخ الإسلامي.
942 _2ddc
_cBK
999 _c122229
_d122229